Súčasný stav siete ľudových knižníc na Slovensku Na základe zisťovania k 31.12.1991
Na minha lista:
| Autor principal: | |
|---|---|
| Formato: | Livro |
| Idioma: | eslovaco |
| Publicado em: |
Bratislava
Matica slovenská
1992
|
| Edição: | 1. vyd. |
| Assuntos: | |
| Tags: |
Sem tags, seja o primeiro a adicionar uma tag!
|
MARC
| LEADER | 00000nam a2200000 4500 | ||
|---|---|---|---|
| 001 | c003003 | ||
| 005 | 20221214090702.9 | ||
| 041 | 0 | |a slo | |
| 044 | |a SK | ||
| 245 | 1 | 0 | |a Súčasný stav siete ľudových knižníc na Slovensku |b Na základe zisťovania k 31.12.1991 |c Vlasta Kalinová |
| 250 | |a 1. vyd. | ||
| 264 | 1 | |a Bratislava |b Matica slovenská |c 1992 | |
| 300 | |a 43 s. | ||
| 610 | 2 | 0 | |a knižnice |
| 610 | 2 | 0 | |a Slovensko |
| 610 | 2 | 0 | |a 1991 |
| 610 | 2 | 0 | |a údaje štatistické |
| 100 | 1 | |a Kalinová, Vlasta | |